| 000 | 01253nam1a2200301 i 4500 | ||
|---|---|---|---|
| 001 | RU\NLR\bibl\28034 | ||
| 005 | 20260405121759.0 | ||
| 035 | _a(NLR Aleph) 000027308 | ||
| 090 |
_a133403 _c133403 |
||
| 100 | _a19990518g1998 u y0rusy50 ca | ||
| 101 | 0 | _arus | |
| 102 | _aRU | ||
| 105 | _ay ||||||||| | ||
| 200 | 1 |
_aБиблиотеки России _eПутеводитель _fРос. нац. б-ка _g[Отв. сост.: Е.К. Высоцкая, Н.А. Семенова _gНауч. ред. В.Р. Фирсов] |
|
| 210 |
_aСПб. _cРНБ _d1998 |
||
| 215 | _d20 | ||
| 300 | _aНа 416-й с. подгот.: Фирсов В.Ф. - к.пед.н., Высоцкая Е.К. - к.пед.н. | ||
| 463 | 0 | _100126810 | |
| 463 | 0 | _100136713 | |
| 463 | 0 | _10011146593 | |
| 606 | 0 |
_aБиблиотеки _jСправочники _yРоссийская Федерация _92097082 _3RU\NLR\auth\661268733 |
|
| 686 | _aЧ734(2Р)7я23 | ||
| 702 | 1 |
_4340 _7ca _8rus _aФирсов _bВ. Р. _f1952- _gВладимир Руфинович _930677 _3RU\NLR\auth\7747742 |
|
| 702 | 1 |
_aВысоцкая _bЕ. К. _gЕвгения Каэтановна _4220 |
|
| 801 | 0 |
_aRU _bNLR _c19990518 _gPSBO |
|
| 801 | 1 |
_aRU _bNLR _c19990518 |
|
| 852 |
_aNLR _jБ 6003/Б-594 |
||
| 942 | _cBOOK | ||